ბათუმის შოთა რუსთაველის სახელმწიფო უნივერსიტეტის ბიბლიოთეკა

თეორია განათლებისათვის / (ბიბ.ჩანაწერი № 43915)

000 -ლიდერი
ფიქსირებული სიგრძის საკონტროლო ველი 01434nam a2200289Ia 4500
001 - საკონტროლო ნომერი
საკონტროლო ველი 10664
003 - საკონტროლო ნომრის იდენტიფიკატორი
საკონტროლო ველი GE_BSU
005 - ბოლო ოპერაციის თარიღი და დრო
საკონტროლო ველი 20221125125608.0
008 - ფიქსირებული სიგრძის მონაცემთა ელემენტები - ზოგადი ინფორმაცია
ფიქსირებული სიგრძის საკონტროლო ველი 181216s2010||||ge |||||||||||||| ||geo||
020 ## - წიგნის საერთაშორისო სტანდარტული ნომერი
International Standard Book Number 9789941180088x
040 ## - კატალოგიზაციის წყარო
Transcribing agency GE_BSU
041 ## - ენის კოდი
Language code of text/sound track or separate title geo
080 ## - უნივერსალური ათობითი კლასიფიკაციის ინდექსი
Universal Decimal Classification number 37.015.3+159.964.2 დ–43
100 ## - მთავარი ჩანაწერი - პიროვნების სახელი
Personal name დიმიტრიადისი, გრე
9 (RLIN) 16100
245 ## - ცნობა სათაურის შესახებ
Title თეორია განათლებისათვის /
Statement of responsibility, etc გრეგ დიმიტრიადისი და ჯორჯ კამბერელისი ; [მთარგმნ.: ნანული ჩიტაშვილი [და სხვ.] ; რედ. ნინო ჯავახიშვილი].
264 ## - წარმოების, გამოცემის, დისტრიბუციის და სხვა ცნობები
გამოცემის, წარმოების, დისტრიბუციის... ადგილი თბილისი:
გამოცემის, წარმოების, დისტრიბუციის... სახელწოდება ილიას სახელმწ. უნ-ტი,
გამოცემის, წარმოების, დისტრიბუციის... თარიღი 2010.
300 ## - ფიზიკური აღწერა
Extent 232 გვ.;
Other physical details 23 სმ.
653 ## - INDEX TERM--UNCONTROLLED
Uncontrolled term თეორია განათლებისათვის
653 ## - INDEX TERM--UNCONTROLLED
Uncontrolled term პედაგოგიური ფსიქოლოგია
653 ## - INDEX TERM--UNCONTROLLED
Uncontrolled term ფსიქოანალიზი
653 ## - INDEX TERM--UNCONTROLLED
Uncontrolled term ;მეტაფიზიკა
653 ## - INDEX TERM--UNCONTROLLED
Uncontrolled term განათლების ფილოსოფია
700 ## - ADDED ENTRY--PERSONAL NAME
Personal name კამბერელისი, ჯორჯ
Relator term ავტორი
9 (RLIN) 16101
700 ## - ADDED ENTRY--PERSONAL NAME
Personal name ჩიტაშვილი, ნანული
Relator term მთარგმნელი
9 (RLIN) 16102
942 ## - ADDED ENTRY ELEMENTS (KOHA)
Koha item type წიგნი
Source of classification or shelving scheme
ეგზემპლარები
ჩამოწერის სტატუსი დაკარგული ეგზემპლარის სტატუსი კლასიფიკაციის წყარო ან თაროზე გაწყობის სქემა დაზიანების სტატუსი არ გაიცემა მუდმივი მდებარეობა (დაცვის ადგილი) ამჟამინდელი ადგილსამყოფელი თაროზე განთავსების ადგილი შეძენის თარიღი ღირებულება, შესყიდვის ნორმალური ფასი სრული შენახვის შიფრი შტრიხკოდი ბოლო ოპერაციის თარიღი ეგზემპლარის მიმდევრობითი ნომერი (კეტერი?) ფასის ძალაში შესვლის თარიღი ეგზემპლარის სახეობა საჯარო შენიშვნა
          ბათუმის შოთა რუსთაველის სახელმწიფო უნივერსიტეტის მთავარი ბიბლიოთეკა ბათუმის შოთა რუსთაველის სახელმწიფო უნივერსიტეტის მთავარი ბიბლიოთეკა წიგნსაცავი 2018-12-17 7.40 37.015.3+159.964.2 დ–43 34858 2018-12-17 34858 2018-12-17 წიგნი 7 ლ.40 თ.
          ბათუმის შოთა რუსთაველის სახელმწიფო უნივერსიტეტის მთავარი ბიბლიოთეკა ბათუმის შოთა რუსთაველის სახელმწიფო უნივერსიტეტის მთავარი ბიბლიოთეკა წიგნსაცავი 2018-12-17 7.40 37.015.3+159.964.2 დ–43 34859 2018-12-17 34859 2018-12-17 წიგნი 7 ლ. 40 თ.
          ბათუმის შოთა რუსთაველის სახელმწიფო უნივერსიტეტის მთავარი ბიბლიოთეკა ბათუმის შოთა რუსთაველის სახელმწიფო უნივერსიტეტის მთავარი ბიბლიოთეკა წიგნსაცავი 2018-12-17 7.40 37.015.3+159.964.2 დ–43 34860 2018-12-17 34860 2018-12-17 წიგნი 7 ლ .40 თ.
          ბათუმის შოთა რუსთაველის სახელმწიფო უნივერსიტეტის მთავარი ბიბლიოთეკა ბათუმის შოთა რუსთაველის სახელმწიფო უნივერსიტეტის მთავარი ბიბლიოთეკა წიგნსაცავი 2018-12-17 7.40 37.015.3+159.964.2 დ–43 34861 2018-12-17 34861 2018-12-17 წიგნი 7 ლ. 40 თ.
          ბათუმის შოთა რუსთაველის სახელმწიფო უნივერსიტეტის მთავარი ბიბლიოთეკა ბათუმის შოთა რუსთაველის სახელმწიფო უნივერსიტეტის მთავარი ბიბლიოთეკა წიგნსაცავი 2018-12-17 7.40 37.015.3+159.964.2 დ–43 34862 2018-12-17 34862 2018-12-17 წიგნი 7ლ. 40 თ.
          ბათუმის შოთა რუსთაველის სახელმწიფო უნივერსიტეტის მთავარი ბიბლიოთეკა ბათუმის შოთა რუსთაველის სახელმწიფო უნივერსიტეტის მთავარი ბიბლიოთეკა წიგნსაცავი 2018-12-17 7.40 37.015.3+159.964.2 დ–43 34857 2018-12-17 34857 2018-12-17 წიგნი 7 ლ. 40 თ.
          ბათუმის შოთა რუსთაველის სახელმწიფო უნივერსიტეტის მთავარი ბიბლიოთეკა ბათუმის შოთა რუსთაველის სახელმწიფო უნივერსიტეტის მთავარი ბიბლიოთეკა წიგნსაცავი 2022-11-25 12.00 37.015.3+159.964.2 3211 2022-11-25 3211 2022-11-25 წიგნი 12 ლ.